¿Especulación del suelo? : notas para una política del suelo urbano / Fernando Roch, Felipe Guerra ; prólogo de Mario Gaviria notas para una política del suelo urbano / Fernando Roch, Felipe Guerra ; prólogo de Mario Gaviria
ISBN:
84-7465-014-3
Descripción Física:
125 p. ; 18 cm
Colección:
Hacer la ciudad ; 2
MARC
| LEADER | 00000nam a2200000Ia 4500 | ||
|---|---|---|---|
| 001 | 18216 | ||
| 008 | 160829s1979 xx 000 0 cat d | ||
| 020 | |a 84-7465-014-3 | ||
| 080 | |a C-2-424 | ||
| 100 | |a Roch, Fernando |9 27832 | ||
| 245 | |a ¿Especulación del suelo? : |b notas para una política del suelo urbano / Fernando Roch, Felipe Guerra ; prólogo de Mario Gaviria | ||
| 260 | |a Madrid : |b Nuestra Cultura, |c 1979 | ||
| 300 | |a 125 p. ; |c 18 cm | ||
| 490 | |a Hacer la ciudad ; 2 | ||
| 590 | |a Bibliografia | ||
| 650 | |a Sòl, Ús urbà del |x Espanya |9 27833 | ||
| 650 | 0 | |a Urbanisme |z Espanya |9 18343 | |
| 700 | |a Guerra, Felipe |9 27834 | ||
| 700 | 1 | |a Gaviria, Mario |9 27835 | |
| 901 | |a Arxiu | ||
| 942 | |n 1 | ||
| 952 | |0 0 |1 0 |4 0 |6 C2424 |7 1 |9 44565 |a Arxiu |b Arxiu |d 2016-12-01 |l 0 |o C-2-424 |p 18216 |r 2016-12-01 00:00:00 |w 2016-12-01 |y ARXIU | ||
| 999 | |c 47146 |d 47146 | ||